BOSTON CELTICS PLAYER with top 50 PSP SEASONS - Statistics

General Stats
  • This quiz has been taken 15 times
  • The average score is 193 of 270
Answer Stats
Season Rk Player PSP Team Pos % Correct
1969 7 Bill Russell 3754 BOS C
100%
1968 3 Bill Russell 4048 BOS C
100%
1967 4 Bill Russell 4112 BOS C
100%
1966 4 Bill Russell 4448 BOS C
100%
1965 3 Bill Russell 4452 BOS C
100%
1964 4 Bill Russell 4329 BOS C
100%
1963 4 Bill Russell 4570 BOS C
100%
1962 3 Bill Russell 4732 BOS C
100%
1961 4 Bill Russell 4312 BOS C
100%
1960 2 Bill Russell 4335 BOS C
100%
1959 3 Bill Russell 3780 BOS C
100%
1958 2 Bill Russell 3515 BOS C
100%
1957 12 Bill Russell 2272 BOS C
100%
1963 17 Bob Cousy 2673 BOS PG
100%
1962 12 Bob Cousy 3138 BOS PG
100%
1961 12 Bob Cousy 3275 BOS PG
100%
1960 6 Bob Cousy 3716 BOS PG
100%
1959 5 Bob Cousy 3298 BOS PG
100%
1958 7 Bob Cousy 2848 BOS PG
100%
1957 4 Bob Cousy 3033 BOS PG
100%
1956 3 Bob Cousy 3287 BOS PG
100%
1955 1 Bob Cousy 3367 BOS PG
100%
1954 2 Bob Cousy 3047 BOS PG
100%
1953 2 Bob Cousy 3202 BOS PG
100%
1952 3 Bob Cousy 2879 BOS PG
100%
1951 7 Bob Cousy 2301 BOS PG
100%
1988 23 Danny Ainge 3136 BOS SG
100%
1987 43 Danny Ainge 2769 BOS SG
100%
1986 48 Danny Ainge 2585 BOS SG
100%
1985 45 Danny Ainge 2729 BOS SG
100%
1978 14 Dave Cowens 3384 BOS C
100%
1976 3 Dave Cowens 4415 BOS C
100%
1975 7 Dave Cowens 3561 BOS C
100%
1974 2 Dave Cowens 4458 BOS C
100%
1973 3 Dave Cowens 4276 BOS C
100%
1972 13 Dave Cowens 3570 BOS C
100%
1971 24 Dave Cowens 3045 BOS C
100%
1966 27 K.C. Jones 2330 BOS PG
100%
1965 26 K.C. Jones 2149 BOS PG
100%
1964 29 K.C. Jones 2076 BOS PG
100%
1963 43 K.C. Jones 1638 BOS PG
100%
1962 38 K.C. Jones 2011 BOS PG
100%
1961 47 K.C. Jones 1451 BOS PG
100%
2012 13 Kevin Garnett 2610 BOS C
100%
2011 45 Kevin Garnett 2485 BOS PF
100%
2010 40 Kevin Garnett 2668 BOS PF
100%
2008 9 Kevin Garnett 3711 BOS PF
100%
1990 26 Kevin McHale 3107 BOS PF
100%
1989 30 Kevin McHale 2964 BOS PF
100%
1988 24 Kevin McHale 3128 BOS PF
100%
1987 6 Kevin McHale 4130 BOS PF
100%
1986 17 Kevin McHale 3274 BOS PF
100%
1985 13 Kevin McHale 3503 BOS PF
100%
1984 27 Kevin McHale 3053 BOS PF
100%
1982 50 Kevin McHale 2403 BOS PF
100%
1991 22 Larry Bird 3090 BOS SF
100%
1990 13 Larry Bird 4089 BOS SF
100%
1988 3 Larry Bird 4941 BOS SF
100%
1987 2 Larry Bird 5324 BOS SF
100%
1986 1 Larry Bird 5229 BOS SF
100%
1985 1 Larry Bird 5411 BOS SF
100%
1984 1 Larry Bird 5194 BOS PF
100%
1983 4 Larry Bird 4168 BOS PF
100%
1982 4 Larry Bird 4239 BOS PF
100%
1981 2 Larry Bird 4635 BOS PF
100%
1980 5 Larry Bird 3932 BOS PF
100%
1991 41 Robert Parish 2641 BOS C
100%
1989 26 Robert Parish 3118 BOS C
100%
1987 18 Robert Parish 3492 BOS C
100%
1986 22 Robert Parish 3063 BOS C
100%
1985 19 Robert Parish 3336 BOS C
100%
1984 9 Robert Parish 3534 BOS C
100%
1983 24 Robert Parish 3054 BOS C
100%
1982 12 Robert Parish 3475 BOS C
100%
1981 9 Robert Parish 3411 BOS C
100%
1969 49 Sam Jones 2204 BOS SG
100%
1968 22 Sam Jones 2896 BOS SG
100%
1967 21 Sam Jones 2708 BOS SG
100%
1966 11 Sam Jones 2970 BOS SG
100%
1965 7 Sam Jones 3385 BOS SG
100%
1964 19 Sam Jones 2551 BOS SG
100%
1963 13 Sam Jones 2831 BOS SG
100%
1962 20 Sam Jones 2832 BOS SG
100%
1961 26 Sam Jones 2255 BOS SG
100%
1960 31 Sam Jones 1687 BOS SG
100%
1959 31 Sam Jones 1601 BOS SG
100%
1965 35 Tom Heinsohn 1907 BOS SF
100%
1964 22 Tom Heinsohn 2389 BOS PF
100%
1963 18 Tom Heinsohn 2666 BOS PF
100%
1962 9 Tom Heinsohn 3292 BOS PF
100%
1961 17 Tom Heinsohn 2929 BOS PF
100%
1960 9 Tom Heinsohn 3229 BOS PF
100%
1959 11 Tom Heinsohn 2589 BOS PF
100%
1958 10 Tom Heinsohn 2532 BOS PF
100%
1957 9 Tom Heinsohn 2488 BOS PF
100%
2022 47 Al Horford 2529 BOS C
88%
2018 27 Al Horford 2879 BOS C
88%
2017 30 Al Horford 2841 BOS C
88%
1982 46 Cedric Maxwell 2486 BOS SF
88%
1981 26 Cedric Maxwell 2863 BOS SF
88%
1980 30 Cedric Maxwell 2896 BOS SF
88%
1979 31 Cedric Maxwell 2937 BOS SF
88%
1988 22 Dennis Johnson 3186 BOS PG
88%
1987 15 Dennis Johnson 3596 BOS PG
88%
1986 21 Dennis Johnson 3163 BOS PG
88%
1985 9 Dennis Johnson 3588 BOS PG
88%
1984 39 Dennis Johnson 2829 BOS SG
88%
2017 6 Isaiah Thomas 3994 BOS PG
88%
2016 13 Isaiah Thomas 3416 BOS PG
88%
2024 20 Jaylen Brown 3341 BOS SF
88%
2023 13 Jaylen Brown 3538 BOS SF
88%
2022 12 Jaylen Brown 3440 BOS SF
88%
2021 44 Jaylen Brown 2271 BOS SG
88%
2020 34 Jaylen Brown 2454 BOS SG
88%
2025 2 Jayson Tatum 599 BOS SF
88%
2024 3 Jayson Tatum 4364 BOS PF
88%
2023 2 Jayson Tatum 4692 BOS SF
88%
2022 2 Jayson Tatum 4569 BOS SF
88%
2021 14 Jayson Tatum 3133 BOS SF
88%
2020 9 Jayson Tatum 3371 BOS PF
88%
2018 40 Jayson Tatum 2482 BOS SF
88%
2019 19 Kyrie Irving 3370 BOS PG
88%
2022 33 Marcus Smart 2798 BOS PG
88%
2020 48 Marcus Smart 2233 BOS SG
88%
2017 48 Marcus Smart 2480 BOS SG
88%
2013 21 Paul Pierce 2992 BOS SF
88%
2012 9 Paul Pierce 2812 BOS SF
88%
2011 29 Paul Pierce 2890 BOS SF
88%
2010 24 Paul Pierce 2953 BOS SF
88%
2009 13 Paul Pierce 3291 BOS SF
88%
2008 7 Paul Pierce 3758 BOS SF
88%
2006 15 Paul Pierce 3537 BOS SF
88%
2005 14 Paul Pierce 3477 BOS SF
88%
2004 6 Paul Pierce 3508 BOS SG
88%
2003 8 Paul Pierce 4049 BOS SG
88%
2002 4 Paul Pierce 4182 BOS SG
88%
2001 22 Paul Pierce 3306 BOS SF
88%
2012 4 Rajon Rondo 3183 BOS PG
88%
2011 20 Rajon Rondo 3059 BOS PG
88%
2010 3 Rajon Rondo 4266 BOS PG
88%
2009 8 Rajon Rondo 3531 BOS PG
88%
2008 33 Rajon Rondo 2834 BOS PG
88%
2010 39 Ray Allen 2684 BOS SG
88%
2009 38 Ray Allen 2635 BOS SG
88%
2008 41 Ray Allen 2749 BOS SG
88%
1981 13 Tiny Archibald 3132 BOS PG
88%
1980 20 Tiny Archibald 3077 BOS PG
88%
2005 25 Antoine Walker 3030 ATL,BOS PF
75%
2003 16 Antoine Walker 3393 BOS PF
75%
2002 5 Antoine Walker 4108 BOS PF
75%
2001 10 Antoine Walker 3688 BOS PF
75%
2000 22 Antoine Walker 3091 BOS PF
75%
1998 10 Antoine Walker 3424 BOS PF
75%
1997 36 Antoine Walker 2858 BOS PF
75%
1961 41 Bill Sharman 1720 BOS SG
75%
1960 24 Bill Sharman 2224 BOS SG
75%
1959 14 Bill Sharman 2429 BOS SG
75%
1958 14 Bill Sharman 2367 BOS SG
75%
1957 10 Bill Sharman 2475 BOS SG
75%
1956 12 Bill Sharman 2454 BOS SG
75%
1955 12 Bill Sharman 2374 BOS SG
75%
1954 13 Bill Sharman 2026 BOS SG
75%
1953 20 Bill Sharman 1932 BOS SG
75%
1952 50 Bill Sharman 1226 BOS SG
75%
2025 29 Derrick White 425 BOS SG
75%
2024 30 Derrick White 2926 BOS SG
75%
2022 48 Derrick White 2529 SAS,BOS SG
75%
1956 17 Ed Macauley 2140 BOS C
75%
1955 6 Ed Macauley 2641 BOS C
75%
1954 5 Ed Macauley 2545 BOS C
75%
1953 4 Ed Macauley 2792 BOS C
75%
1952 6 Ed Macauley 2382 BOS C
75%
1951 5 Ed Macauley 2582 BOS
75%
1977 21 John Havlicek 3029 BOS SF
75%
1976 39 John Havlicek 2658 BOS SF
75%
1975 9 John Havlicek 3455 BOS SF
75%
1974 6 John Havlicek 4073 BOS SF
75%
1973 5 John Havlicek 4004 BOS SF
75%
1972 2 John Havlicek 4685 BOS SF
75%
1971 3 John Havlicek 4282 BOS SF
75%
1970 8 John Havlicek 3695 BOS SG
75%
1969 4 John Havlicek 4060 BOS SG
75%
1968 4 John Havlicek 3955 BOS SG
75%
1967 11 John Havlicek 3197 BOS SF
75%
1966 12 John Havlicek 2872 BOS SF
75%
1965 21 John Havlicek 2512 BOS SG
75%
1964 14 John Havlicek 2763 BOS SF
75%
1963 29 John Havlicek 2249 BOS SF
75%
1977 10 Jo Jo White 3483 BOS PG
75%
1976 9 Jo Jo White 3581 BOS PG
75%
1975 14 Jo Jo White 3292 BOS PG
75%
1974 10 Jo Jo White 3451 BOS PG
75%
1973 14 Jo Jo White 3561 BOS PG
75%
1972 16 Jo Jo White 3536 BOS PG
75%
1971 42 Jo Jo White 2699 BOS PG
75%
2020 27 Kemba Walker 2571 BOS PG
75%
1993 38 Reggie Lewis 2826 BOS SG
75%
1992 24 Reggie Lewis 3130 BOS SG
75%
1991 32 Reggie Lewis 2869 BOS SG
75%
1966 49 Don Nelson 1579 BOS SF
50%
1963 47 Frank Ramsey 1484 BOS SG
50%
1962 39 Frank Ramsey 1988 BOS SG
50%
1961 28 Frank Ramsey 2195 BOS SG
50%
1960 23 Frank Ramsey 2268 BOS SG
50%
1959 15 Frank Ramsey 2255 BOS SG
50%
1958 18 Frank Ramsey 2299 BOS SG
50%
1955 37 Frank Ramsey 1629 BOS SF
50%
1976 20 Paul Silas 2940 BOS PF
50%
1975 28 Paul Silas 2747 BOS PF
50%
1974 33 Paul Silas 2765 BOS PF
50%
1973 24 Paul Silas 3006 BOS PF
50%
2006 39 Ricky Davis 2763 BOS,MIN SG,SF
50%
1966 34 Tom Sanders 1991 BOS PF
50%
1965 29 Tom Sanders 2085 BOS PF
50%
1964 35 Tom Sanders 1953 BOS PF
50%
1963 36 Tom Sanders 1892 BOS SF
50%
1962 33 Tom Sanders 2091 BOS SF
50%
1969 28 Bailey Howell 2922 BOS PF
38%
1968 12 Bailey Howell 3226 BOS PF
38%
1967 20 Bailey Howell 2718 BOS PF
38%
1976 16 Charlie Scott 3134 BOS SG
38%
2015 44 Evan Turner 2308 BOS SG
38%
2018 36 Terry Rozier 2500 BOS PG
38%
1991 24 Brian Shaw 3076 BOS PG
25%
1948 3 Ed Sadowski 1131 BOS
25%
1947 29 Red Wallace 672 BOS,TRH
25%
1954 45 Bob Harris 1214 BOS SF
13%
1953 44 Bob Harris 1322 BOS SF
13%
1952 41 Bob Harris 1341 BOS PF
13%
1997 39 David Wesley 2753 BOS PG
13%
1959 47 Jim Loscutoff 1314 BOS SF
13%
1957 24 Jim Loscutoff 1825 BOS SF
13%
1956 41 Jim Loscutoff 1406 BOS SF
13%
1969 40 Larry Siegfried 2471 BOS PG
13%
1967 42 Larry Siegfried 1997 BOS PG
13%
1966 41 Larry Siegfried 1846 BOS PG
13%
1994 45 Sherman Douglas 2699 BOS PG
13%
1977 33 Sidney Wicks 2774 BOS PF
13%
1964 49 Willie Naulls 1404 BOS SF
13%
1947 27 Al Brightman 687 BOS
0%
1962 48 Al Butler 1574 BOS,NYK PG
0%
1956 43 Arnie Risen 1362 BOS C
0%
1955 43 Bob Brannum 1356 BOS PF
0%
1954 37 Bob Brannum 1299 BOS PF
0%
1953 42 Bob Brannum 1389 BOS PF
0%
1952 35 Bob Donham 1411 BOS SG
0%
1949 41 Bulbs Ehlers 780 BOS
0%
1948 44 Bulbs Ehlers 374 BOS
0%
1949 37 Chick Halbert 844 BOS,PRO
0%
1953 46 Chuck Cooper 1248 BOS SF
0%
1952 38 Chuck Cooper 1370 BOS SF
0%
1951 33 Chuck Cooper 1554 BOS
0%
1948 19 Connie Simmons 644 BOS,BLB
0%
1947 23 Connie Simmons 744 BOS
0%
1955 35 Don Barksdale 1666 BOS SF
0%
1960 48 Gene Conley 1338 BOS PF
0%
1949 42 George Nostrand 777 PRO,BOS
0%
1948 40 Jack Garfinkel 417 BOS
0%
1957 49 Jack Nichols 1108 BOS PF
0%
1956 23 Jack Nichols 1902 BOS PF
0%
1955 38 Jack Nichols 1625 BOS PF
0%
1954 43 Jack Nichols 1234 MLH,BOS PF
0%
1949 31 Jim Seminoff 915 BOS
0%
1951 49 Kleggie Hermsen 1170 TRI,BOS
0%
1958 44 Lou Tsioropoulos 1357 BOS SF
0%
1948 23 Mel Riebe 619 BOS
0%
1948 22 Mike Bloom 624 BLB,BOS
0%
1948 34 Saul Mariaschin 484 BOS
0%
1951 36 Sonny Hertzberg 1401 BOS
0%
1950 36 Sonny Hertzberg 1093 BOS
0%
No matching quizzes found
Score Distribution
Percent of People with Each Score
Percentile by Number Answered
Your Score History
You have not taken this quiz